000 01705nam a22004457a 4500
003 CHAP
005 20220329143359.0
008 090204s2008 mx a r 00010 spa d
010 _a95758
011 _a96730
035 _a107386
040 _cCHAP
090 _aTesis
100 1 _aDíaz Baños, Carolina Trinidad.
_933369
245 1 4 _aProducción y calidad de flores de gerbera en hidroponia bajo diferentes proporciones NO3-:NH4+ y concentraciones de potasio
_c/por Carolina Trinidad Díaz Baños
260 _aChapingo, Méx. :
_bEl autor,
_c2008
300 _axiii, 66 h. :
_bcuadros, gráfs.
502 _aTesis (M. C. en Horticultura) -- UACH. Departamento de Fitotecnia
530 _aTambién disponible en línea
590 _aALEPH
_b10
_c20130110
_lUCH01
_h1526
590 _aBATCH-UPD
_b10
_c20130110
_lUCH01
_h0824
590 _aBATCH-UPD
_b10
_c20130410
_lUCH01
_h0501
590 _aBATCH-UPD
_b10
_c20130914
_lUCH01
_h1131
590 _aBATCH-UPD
_b10
_c20140324
_lUCH01
_h1509
590 _aBATCH-UPD
_b10
_c20141002
_lUCH01
_h0838
590 _aCONVERSION
_b10
_c20130109
_lUCH01
_h1353
650 1 4 _aCultivos en invernadero.
_930376
650 1 4 _aFlores.
_941358
650 1 4 _aGerbera
_xPropagación.
_947722
650 1 4 _aGerbera
_xRendimiento.
_947723
650 1 4 _aHidroponía.
_955280
650 1 4 _aPlantas ornamentales
_xRendimiento.
_989075
650 1 4 _aPotasio en plantas.
_991124
856 _3Finding aid
_uhttp://10.13.5.2/tesis/107386.pdf
_zTeclea aqui
901 _aBK
905 _aE.A.H
942 _cFOLL
949 _aTesis
_bBC
_cTES
_d33724002084710
_eTS1
_gDonaciØn
_h48650
_i107386
_sb
949 _aTesis
_bBC
_cTES
_d33724002084751
_eTS2
_fc.2
_gDonaciØn
_h48651
_i107386
_sb
999 _c95758
_d95758